000 00459nam a2200181Ia 4500
005 20240913125937.0
008 240913s9999||||xx |||||||||||||| ||und||
041 _aENGLISH
082 _A576.5 Q1
100 _aChugh S N
245 0 _aTextbook of Genetics for Nurses
250 _a1st
260 _c2011
_bArya Publica
500 _aREFERENCE
650 _aHuman Genetics and Molecular Biology
_bAllied Health Science
942 _cREF
999 _c246617
_d246617